HMOs (Record no. 79416)

MARC details
000 -LEADER
fixed length control field 01088cab a22002175a 4500
001 - CONTROL NUMBER
control field L141041
008 - FIXED-LENGTH DATA ELEMENTS--GENERAL INFORMATION
fixed length control field 071025s2007 xxk f 000 0 eng d
035 ## - SYSTEM CONTROL NUMBER
System control number (Sirsi) u141041
041 0# - LANGUAGE CODE
Language code of text/sound track or separate title eng
100 1# - MAIN ENTRY--PERSONAL NAME
Personal name Turner, Adrian
245 00 - TITLE STATEMENT
Title HMOs
Remainder of title part 2
260 ## - PUBLICATION, DISTRIBUTION, ETC.
Date of publication, distribution, etc. 2007
490 ## - SERIES STATEMENT
Series statement Agreement
Volume/sequential designation 14(5) October 2007, 36-40(5)
520 ## - SUMMARY, ETC.
Summary, etc. Continues an earlier article (L139715) providing an interpretation of the legislation governing Houses of Multiple Occupation (HMOs). Provides guidance as to whether Criminal Records Bureau (CRB) records may be needed to assess the suitability of HMO licensees. Covers local housing authority records and formal criminal record checks. Considers the relevance of an HMO's planning status to its qualification for an HMO licence.
590 ## - LOCAL NOTE (RLIN)
Local note KA
650 24 - SUBJECT ADDED ENTRY--TOPICAL TERM
Topical term or geographic name entry element HOUSING ACT 2004
650 24 - SUBJECT ADDED ENTRY--TOPICAL TERM
Topical term or geographic name entry element LICENSING AND MANAGEMENT OF HOUSES IN MULTIPLE OCCUPATION AND OTHER HOUSES (MISCELLANEOUS PROVISIONS) (ENGLAND) REGULATIONS 2006
651 #4 - SUBJECT ADDED ENTRY--GEOGRAPHIC NAME
Geographic name United Kingdom
Chronological subdivision
690 ## - LOCAL SUBJECT ADDED ENTRY--TOPICAL TERM (OCLC, RLIN)
Topical term or geographic name as entry element PROPERTY-RESIDENTIAL PROPERTY-RESIDENTIAL LANDLORD AND TENANT
942 ## - ADDED ENTRY ELEMENTS (KOHA)
Suppress in OPAC 0
Holdings
Withdrawn status Lost status Source of classification or shelving scheme Damaged status Not for loan Home library Current library Shelving location Date acquired Total Checkouts Full call number Barcode Date last seen Copy number Price effective from Koha item type
    Dewey Decimal Classification     London London Journal article 25/10/2007   L141041 141041-1001 06/08/2019 1 06/08/2019 Journal article